Cheesy Motivational Quotes Quiz Stats

 Plays Quiz Updated Jan 27, 2015

Also try: Finish the Proverb
Challenge
Share
Tweet
Embed
Score 0/25 Timer 06:00
5 Plays Today
% Correct
go home.
95.9%
make lemonade.
95.5%
has a silver lining.
95.4%
turned upside down.
95.4%
quitters never win.
95%
you are preparing to fail.
94.9%
try, try again.
94.8%
begins with a single step.
94.8%
great deeds planned.
94.6%
you can do it.
94.6%
the day runs you.
94.4%
the fool does at last.
94%
the tough get going.
93.8%
% Correct
to quit.
93.4%
comes new strength and new thoughts.
93.2%
if you reach within.
92.9%
it is a habit.
92.5%
tie a knot in it and hang on.
88.4%
they are guidelines.
87.2%
don't stop till you get there.
82.5%
you're still moving forward.
80.8%
getting started.
79.6%
the net will appear.
79.1%
keep going.
75%
eat them for breakfast.
70.1%

You're not logged in!

Compare scores with friends on all Sporcle quizzes.
Join for Free
OR
Log In

You Might Also Like...

Show Comments

Extras

Top Quizzes Today


Score Distribution

Your Account Isn't Verified!

In order to create a playlist on Sporcle, you need to verify the email address you used during registration. Go to your Sporcle Settings to finish the process.

Report this User

Report this user for behavior that violates our Community Guidelines.

Details: